000 00742nam a2200265Ia 4500
005 20260121165842.0
008 008 260114s9999 xx 000 0 eng d
020 _a9783319471600
037 _aEBOOK
040 _aCRL
040 _beng
040 _cCRL
041 _2eng
041 _aeng
084 _qCRL
100 _aVĂ­ctor Flores, Fernando Gomide, Andrzej Janusz, Claudio Meneses, Duoqian Miao, Georg Peters, Dominik ?l?zak, Guoyin Wang, Richard Weber, Yiyu Yao
_91056820
245 0 _aRough Sets
260 _bSpringer
260 _bSpringer
260 _c2016
856 _uhttps://link.springer.com/openurl?genre=book&isbn=978-3-319-47160-0
942 _cEBOOK
999 _c1622548
_d1622548